| 000 | 00718nam a2200241Ia 4500 | ||
|---|---|---|---|
| 005 | 20260121112246.0 | ||
| 008 | 4558 260114s9999 xx 000 0 eng d | ||
| 020 | _a9789814719735 | ||
| 037 | _aEBOOK | ||
| 040 |
_aCRL _beng _cCRL |
||
| 041 |
_aeng _2eng |
||
| 084 | _qCRL | ||
| 100 |
_aWilson Iii David M _9954739 |
||
| 245 | 0 | _aBase Excision Repair Pathway, the: Molecular Mechanisms and Role in Disease Development and Therapeutic Design | |
| 260 | _bWorld Scientific | ||
| 260 | _bWSPC | ||
| 260 | _c2016 | ||
| 650 |
_aLife Sciences / Biology _9954740 |
||
| 856 | _uhttps://www.worldscientific.com/worldscibooks/10.1142/9776#t=toc | ||
| 942 | _cEBOOK | ||
| 999 |
_c1541858 _d1541858 |
||